[Event "CZE-chT2E 2223"]
[Site "Czech Republic"]
[Date "2023.01.08"]
[Round "6.6"]
[White "Hejny, Jaroslav"]
[Black "Sojka, Ales"]
[Result "1/2-1/2"]
[WhiteElo "2004"]
[BlackElo "2085"]
[PlyCount "37"]
[EventDate "2022.10.16"]
[EventType "team-tourn"]
[EventRounds "11"]
[EventCountry "CZE"]
[SourceTitle "EXT 2024"]
[Source "ChessBase"]
[SourceDate "2023.10.10"]
[SourceVersion "1"]
[SourceVersionDate "2023.10.10"]
[SourceQuality "1"]
[WhiteTeam "Vyskov"]
[BlackTeam "Kromeriz Slavia II"]
[WhiteTeamCountry "CZE"]
[BlackTeamCountry "CZE"]

1. e4 d6 2. d4 Nd7 3. Nf3 g6 4. Bc4 e6 5. 0-0 Bg7 6. Bg5 Ne7 7. Qd2 0-0 8. Nc3 c6 9. a4 Re8 10. Bb3 b6 11. h4 h5 12. Qf4 Nf8 13. e5 d5 14. g4 hxg4 15. Nh2 Nh7 16. Nxg4 Qc7 17. a5 Ba6 18. Rfe1 Nf5 19. axb6 1/2-1/2

[Event "CZE-chT2E 2223"]
[Site "Czech Republic"]
[Date "2022.12.04"]
[Round "4.8"]
[White "Hejny, Jaroslav"]
[Black "Lakatos, Tomas"]
[Result "1/2-1/2"]
[WhiteElo "2004"]
[BlackElo "2078"]
[PlyCount "68"]
[EventDate "2022.10.16"]
[EventType "team-tourn"]
[EventRounds "11"]
[EventCountry "CZE"]
[SourceTitle "EXT 2024"]
[Source "ChessBase"]
[SourceDate "2023.10.10"]
[SourceVersion "1"]
[SourceVersionDate "2023.10.10"]
[SourceQuality "1"]
[WhiteTeam "Vyskov"]
[BlackTeam "Orechov Orel"]
[WhiteTeamCountry "CZE"]
[BlackTeamCountry "CZE"]

1. e4 d6 2. d4 Nf6 3. Nc3 c6 4. Nf3 Bg4 5. h3 Bh5 6. g4 Bg6 7. Qe2 Nbd7 8. e5 dxe5 9. dxe5 Ng8 10. e6 fxe6 11. Bf4 Ngf6 12. Qxe6 Bf7 13. Qe2 Qa5 14. Ne5 Bd5 15. Nc4 Qb4 16. a3 Bxc4 17. Qxc4 Qxc4 18. Bxc4 e5 19. Bg3 Bd6 20. 0-0-0 Bc7 21. Rhe1 0-0-0 22. Ne4 Nxe4 23. Rxe4 Nf6 24. Rxd8+ Rxd8 25. Re2 Re8 26. c3 e4 27. Bxc7 Kxc7 28. Bb3 g5 29. Rd2 Re7 30. Re2 Kd6 31. Kd2 Nd5 32. Bc2 Nf4 33. Rxe4 Rxe4 34. Bxe4 Nxh3 1/2-1/2

[Event "CZE-chT2E 2223"]
[Site "Czech Republic"]
[Date "2022.11.20"]
[Round "3.6"]
[White "Hejny, Jaroslav"]
[Black "Zezula, Jakub"]
[Result "1/2-1/2"]
[WhiteElo "2004"]
[BlackElo "1922"]
[PlyCount "69"]
[EventDate "2022.10.16"]
[EventType "team-tourn"]
[EventRounds "11"]
[EventCountry "CZE"]
[SourceTitle "EXT 2024"]
[Source "ChessBase"]
[SourceDate "2023.10.10"]
[SourceVersion "1"]
[SourceVersionDate "2023.10.10"]
[SourceQuality "1"]
[WhiteTeam "Vyskov"]
[BlackTeam "Namest nad Oslavou"]
[WhiteTeamCountry "CZE"]
[BlackTeamCountry "CZE"]

1. e4 e5 2. Nf3 Nc6 3. Bb5 a6 4. Ba4 Nf6 5. d4 Nxe4 6. 0-0 b5 7. Bb3 d5 8. dxe5 Be6 9. Be3 Be7 10. Nbd2 Nc5 11. c3 Nxb3 12. Nxb3 0-0 13. Nbd4 Nxd4 14. Nxd4 Qd7 15. f4 c5 16. Nb3 Rac8 17. Qf3 g6 18. Qf2 Qc7 19. Qg3 Bf5 20. Rad1 Rfd8 21. Rd2 a5 22. Rfd1 a4 23. Nc1 d4 24. cxd4 cxd4 25. Rxd4 Bc5 26. Rxd8+ Rxd8 27. Rxd8+ Qxd8 28. Bxc5 Qd1+ 29. Kf2 Qxc1 30. Qc3 Qxf4+ 31. Kg1 Be6 32. a3 Bc4 33. h3 h5 34. Qe3 Qxe3+ 35. Bxe3 1/2-1/2

[Event "South Moravia Region-chT 2223"]
[Site "Czech Republic"]
[Date "2022.10.23"]
[Round "2.6"]
[White "Hejny, Jaroslav"]
[Black "Filindash, Nikita"]
[Result "1/2-1/2"]
[WhiteElo "2004"]
[BlackElo "2017"]
[PlyCount "54"]
[EventDate "2022.10.09"]
[EventType "team-tourn"]
[EventRounds "11"]
[EventCountry "CZE"]
[SourceTitle "EXT 2024"]
[Source "ChessBase"]
[SourceDate "2023.10.10"]
[SourceVersion "1"]
[SourceVersionDate "2023.10.10"]
[SourceQuality "1"]

1. e4 c5 2. c3 Nf6 3. e5 Nd5 4. d4 cxd4 5. Nf3 Nc6 6. cxd4 e6 7. Bc4 d6 8. 0-0 Be7 9. Qb3 Na5 10. Qa4+ Bd7 11. Bb5 b6 12. Bd2 Bxb5 13. Qxb5+ Qd7 14. Qxd7+ Kxd7 15. Nc3 Nxc3 16. Bxc3 d5 17. Bxa5 bxa5 18. Rfc1 Rhc8 19. Kf1 Rab8 20. Rxc8 Rxc8 21. Ne1 Bb4 22. Rd1 Rc4 23. Ke2 Kc7 24. Kd3 f6 25. f4 Be7 26. Nc2 Kd7 27. Rf1 Ke8 1/2-1/2

[Event "CZE-chT2E 2122"]
[Site "Czech Republic"]
[Date "2022.02.27"]
[Round "9.4"]
[White "Skoda, Martin"]
[Black "Hejny, Jaroslav"]
[Result "1/2-1/2"]
[WhiteElo "2113"]
[BlackElo "1991"]
[PlyCount "22"]
[EventDate "2021.10.17"]
[EventType "team-tourn"]
[EventRounds "11"]
[EventCountry "CZE"]
[SourceTitle "EXT 2024"]
[Source "ChessBase"]
[SourceDate "2023.10.10"]
[SourceVersion "1"]
[SourceVersionDate "2023.10.10"]
[SourceQuality "1"]
[WhiteTeam "Jihlava Gambit"]
[BlackTeam "Brno Lokomotiva"]
[WhiteTeamCountry "CZE"]
[BlackTeamCountry "CZE"]

1. e4 e5 2. Nf3 Nc6 3. Bb5 a6 4. Ba4 d6 5. c3 Bg4 6. h3 Bh5 7. d3 Nf6 8. 0-0 Be7 9. Re1 0-0 10. Nbd2 b5 11. Bc2 Re8 1/2-1/2

[Event "CZE-chT2E 1920"]
[Site "Czech Republic"]
[Date "2020.01.26"]
[Round "7.6"]
[White "Pise, Jan"]
[Black "Hejny, Jaroslav"]
[Result "1-0"]
[WhiteElo "2030"]
[BlackElo "2023"]
[PlyCount "87"]
[EventDate "2019.10.13"]
[EventType "team-tourn"]
[EventRounds "11"]
[EventCountry "CZE"]
[SourceTitle "EXT 2024"]
[Source "ChessBase"]
[SourceDate "2023.10.10"]
[SourceVersion "1"]
[SourceVersionDate "2023.10.10"]
[SourceQuality "1"]
[WhiteTeam "Adamov"]
[BlackTeam "Brno Lokomotiva"]
[WhiteTeamCountry "CZE"]
[BlackTeamCountry "CZE"]

1. d4 Nf6 2. Bg5 d5 3. e3 e6 4. Bd3 c5 5. c3 Nc6 6. Nd2 b6 7. Qe2 Be7 8. f4 Bb7 9. Ngf3 Nd7 10. Bxe7 Qxe7 11. 0-0 f5 12. Kh1 h6 13. Rg1 Nf6 14. Ne5 Nxe5 15. fxe5 Ne4 16. Bb5+ Kd8 17. a3 Kc7 18. Bd3 g5 19. Rgf1 Raf8 20. b4 Nxc3 21. Qe1 Ne4 22. bxc5 bxc5 23. Bxe4 fxe4 24. dxc5 Ba6 25. Rg1 Rb8 26. Rc1 Bd3 27. Qd1 Qe8 28. Nb3 Qa4 29. Nd4 Qxd1 30. Rgxd1 Kd7 31. Rd2 Rhf8 32. h3 a6 33. Kh2 Rf7 34. c6+ Ke7 35. c7 Rc8 36. Rb2 Bc4 37. Rb6 Rxc7 38. Rxe6+ Kf8 39. Rxh6 Rb7 40. Rg6 Rb2 41. Rxg5 Rff2 42. h4 Bf1 43. Rc8+ Kf7 44. Rcg8 1-0

[Event "CZE-chT2E 1920"]
[Site "Czech Republic"]
[Date "2019.11.17"]
[Round "3.5"]
[White "Hejny, Jaroslav"]
[Black "Stancik, Jakub"]
[Result "0-1"]
[WhiteElo "2023"]
[BlackElo "2058"]
[PlyCount "66"]
[EventDate "2019.10.13"]
[EventType "team-tourn"]
[EventRounds "11"]
[EventCountry "CZE"]
[SourceTitle "EXT 2024"]
[Source "ChessBase"]
[SourceDate "2023.10.10"]
[SourceVersion "1"]
[SourceVersionDate "2023.10.10"]
[SourceQuality "1"]
[WhiteTeam "Brno Lokomotiva"]
[BlackTeam "Zlin"]
[WhiteTeamCountry "CZE"]
[BlackTeamCountry "CZE"]

1. d4 Nf6 2. Bf4 e6 3. e3 b6 4. c3 Bb7 5. Nf3 c5 6. Bd3 cxd4 7. exd4 Be7 8. Nbd2 0-0 9. 0-0 d6 10. Rc1 Nbd7 11. Qe2 Re8 12. Rfe1 Bf8 13. Bc4 h6 14. h3 Qc7 15. Bh2 Rac8 16. Bb3 Bc6 17. c4 Qb7 18. Bc2 a6 19. b4 Qa8 20. Qd3 Rcd8 21. Qb3 a5 22. a3 Bb7 23. Bd3 e5 24. d5 b5 25. cxb5 Bxd5 26. Bc4 axb4 27. axb4 Nb6 28. Bxd5 Qxd5 29. Nc4 Nxc4 30. Qxc4 Qxc4 31. Rxc4 Rb8 32. Rc6 Rxb5 33. Rb1 Reb8 0-1

[Event "CZE-chT2E 1718"]
[Site "Czech Republic"]
[Date "2017.12.03"]
[Round "4.3"]
[White "Vrana, Frantisek"]
[Black "Hejny, Jaroslav"]
[Result "1/2-1/2"]
[WhiteElo "2253"]
[BlackElo "2038"]
[PlyCount "87"]
[EventDate "2017.10.15"]
[EventType "team-tourn"]
[EventRounds "11"]
[EventCountry "CZE"]
[SourceTitle "EXT 2022"]
[Source "ChessBase"]
[SourceDate "2021.10.06"]
[SourceVersion "1"]
[SourceVersionDate "2021.10.06"]
[SourceQuality "1"]
[WhiteTeam "Stare Mesto II"]
[BlackTeam "Hustopece"]
[WhiteTeamCountry "CZE"]
[BlackTeamCountry "CZE"]

1. d4 Nf6 2. Nf3 d5 3. Bf4 Bg4 4. c4 c6 5. Qb3 Qc8 6. Nc3 e6 7. Rc1 Nbd7 8. Ne5 Bf5 9. h3 Nxe5 10. dxe5 Ne4 11. cxd5 exd5 12. g4 Nc5 13. Qd1 Bg6 14. e3 Qd7 15. Bg3 h5 16. Rg1 Be7 17. a3 Qe6 18. b4 Nd7 19. f4 hxg4 20. hxg4 f5 21. Ne2 c5 22. Bg2 cxb4 23. Nd4 Qa6 24. Bxd5 Qxa3 25. Kf2 Nc5 26. Ra1 Qb2+ 27. Ne2 Rd8 28. Ra2 Ne4+ 29. Kg2 Qxa2 30. Bxa2 Rxd1 31. Rxd1 fxg4 32. Be6 Nc3 33. Bd7+ Kf8 34. Rc1 Be4+ 35. Kf2 Nxe2 36. Rc8+ Kf7 37. Rxh8 Nxg3 38. Kxg3 b3 39. f5 Bf8 40. Be6+ Ke7 41. Bxb3 Bxf5 42. Kf4 Bd3 43. Kxg4 b5 44. e4 1/2-1/2

[Event "CZE-chT2E 1617"]
[Site "Czech Republic"]
[Date "2017.04.02"]
[Round "11.2"]
[White "Hejny, Jaroslav"]
[Black "Vitak, Pavel"]
[Result "0-1"]
[WhiteElo "2087"]
[BlackElo "2250"]
[PlyCount "94"]
[EventDate "2016.09.10"]
[EventType "team-tourn"]
[EventRounds "11"]
[EventCountry "CZE"]
[SourceTitle "EXT 2022"]
[Source "ChessBase"]
[SourceDate "2021.10.06"]
[SourceVersion "1"]
[SourceVersionDate "2021.10.06"]
[SourceQuality "1"]
[WhiteTeam "Vyskov"]
[BlackTeam "Vsetin"]
[WhiteTeamCountry "CZE"]
[BlackTeamCountry "CZE"]

1. e4 c5 2. c3 Qa5 3. Nf3 Nc6 4. Bd3 g6 5. 0-0 Bg7 6. Na3 Nf6 7. Nc4 Qc7 8. Ne3 0-0 9. a3 e6 10. b4 b6 11. Qb3 d6 12. Bb2 Bb7 13. Bc2 Ne7 14. d3 Rac8 15. Nd2 d5 16. bxc5 bxc5 17. e5 Nd7 18. d4 Nc6 19. a4 Ba6 20. Rfc1 Rb8 21. Qa2 Rfc8 22. Ba3 Bf8 23. Nf3 Qa5 24. Bd1 cxd4 25. cxd4 Nxd4 26. Bxf8 Kxf8 27. Qa3+ Kg7 28. Qd6 Nxf3+ 29. Bxf3 Rxc1+ 30. Rxc1 Rc8 31. Rd1 Nb6 32. Qe7 Qc5 33. Qf6+ Kg8 34. Ng4 Qf8 35. a5 Nd7 36. Qf4 Rc4 37. Qe3 Qc5 38. Qe1 Rc2 39. Ne3 Ra2 40. Nxd5 exd5 41. e6 Nf6 42. e7 Bb5 43. h3 Be8 44. Rc1 Rc2 45. Rb1 d4 46. Rd1 Kg7 47. a6 Qd6 0-1

[Event "CZE-chT2E 1617"]
[Site "Czech Republic"]
[Date "2017.01.29"]
[Round "7.2"]
[White "Blatny, Pavel"]
[Black "Hejny, Jaroslav"]
[Result "1-0"]
[WhiteElo "2377"]
[BlackElo "2087"]
[PlyCount "105"]
[EventDate "2016.09.10"]
[EventType "team-tourn"]
[EventRounds "11"]
[EventCountry "CZE"]
[SourceTitle "EXT 2022"]
[Source "ChessBase"]
[SourceDate "2021.10.06"]
[SourceVersion "1"]
[SourceVersionDate "2021.10.06"]
[SourceQuality "1"]
[WhiteTeam "Lipovec Garde"]
[BlackTeam "Vyskov"]
[WhiteTeamCountry "CZE"]
[BlackTeamCountry "CZE"]

1. b3 d5 2. Bb2 Nf6 3. e3 g6 4. Ne2 Bg7 5. g3 0-0 6. Bg2 c6 7. d3 Qc7 8. Nd2 e5 9. h3 Be6 10. g4 h5 11. g5 Nh7 12. f4 d4 13. 0-0 dxe3 14. Ne4 Nd7 15. fxe5 Nxe5 16. d4 Nd7 17. c4 Rfe8 18. Nf4 Rad8 19. Qe2 Bf5 20. Ng3 Be6 21. d5 Ne5 22. Nfxh5 gxh5 23. dxe6 Rxe6 24. Qxh5 Nf3+ 25. Rxf3 Bxb2 26. Raf1 Rf8 27. Rf4 Qe5 28. Rh4 Qg7 29. Be4 Nxg5 30. Rg4 Nxe4 31. Nf5 Qg6 32. Re1 Nd6 33. Nh4 Qxg4+ 34. hxg4 Bc3 35. Re2 Be5 36. Qg5+ Kh7 37. Nf3 Bg3 38. Rxe3 Rfe8 39. Rxe6 Rxe6 40. Kg2 Re2+ 41. Kh3 Ne4 42. Qd8 Re3 43. Qd4 Bf4 44. Kh4 Bg3+ 45. Kh5 Bf4 46. g5 Ng3+ 47. Kg4 Re4 48. Qd7 Kg7 49. Qxb7 Be5+ 50. Kh3 Re3 51. Nxe5 Ne2+ 52. Kg4 Rxe5 53. Qxc6 1-0

[Event "CZE-chT2E 1617"]
[Site "Czech Republic"]
[Date "2016.11.13"]
[Round "3.2"]
[White "Semenova, Elena"]
[Black "Hejny, Jaroslav"]
[Result "1-0"]
[WhiteElo "2256"]
[BlackElo "2087"]
[PlyCount "161"]
[EventDate "2016.09.10"]
[EventType "team-tourn"]
[EventRounds "11"]
[EventCountry "CZE"]
[SourceTitle "EXT 2022"]
[Source "ChessBase"]
[SourceDate "2021.10.06"]
[SourceVersion "1"]
[SourceVersionDate "2021.10.06"]
[SourceQuality "1"]
[WhiteTeam "Brno Duras II"]
[BlackTeam "Vyskov"]
[WhiteTeamCountry "CZE"]
[BlackTeamCountry "CZE"]

1. e4 e5 2. Nf3 Nc6 3. Bc4 Nf6 4. d3 Be7 5. 0-0 0-0 6. Re1 d6 7. c3 Bg4 8. h3 Bh5 9. Nbd2 a6 10. Bb3 Nd7 11. Nf1 Nc5 12. Bd5 Bxf3 13. Qxf3 Bg5 14. b4 Bxc1 15. Raxc1 Ne6 16. g3 Qc8 17. h4 Ne7 18. Ne3 c6 19. Bb3 Qd7 20. Nc4 Qc7 21. Qg4 Rad8 22. Nd2 Qd7 23. Nc4 Nc7 24. Qxd7 Rxd7 25. Na5 Ne6 26. Rcd1 c5 27. d4 exd4 28. Bxe6 fxe6 29. cxd4 cxd4 30. Rxd4 Nc6 31. Nxc6 bxc6 32. Rc1 Rc8 33. e5 d5 34. Rc5 Rb7 35. Ra5 Ra8 36. Rc5 Rc8 37. Ra5 Ra8 38. a4 Kf7 39. Rc5 Rc8 40. Kf1 Ke7 41. Rg4 Kf7 42. Ke2 Kf8 43. Rf4+ Ke7 44. h5 h6 45. Kd2 Ke8 46. Kc3 Ke7 47. Rg4 Kf7 48. Rd4 Ke7 49. Rd2 Kd7 50. f4 Rcb8 51. Rb2 d4+ 52. Kc4 d3 53. Kc3 Rxb4 54. Rxb4 Rxb4 55. Ra5 Rd4 56. Kd2 c5 57. Rxc5 Rxa4 58. Kxd3 Ra1 59. Ke4 Ra3 60. g4 Ra4+ 61. Ke3 Ra3+ 62. Kd4 Rg3 63. Ra5 Rxg4 64. Rxa6 Rxf4+ 65. Kc5 Rf1 66. Ra7+ Ke8 67. Kd6 Rb1 68. Rxg7 Rb6+ 69. Kc5 Ra6 70. Rc7 Ra1 71. Kd6 Rh1 72. Kxe6 Kd8 73. Rd7+ Kc8 74. Ke7 Rxh5 75. e6 Re5 76. Kf6 Re1 77. Rh7 Kd8 78. Rh8+ Kc7 79. e7 Rf1+ 80. Kg6 Rg1+ 81. Kh7 1-0

[Event "CZE-chT2E 1617"]
[Site "Czech Republic"]
[Date "2016.10.23"]
[Round "2.1"]
[White "Bazant, Petr Sr"]
[Black "Hejny, Jaroslav"]
[Result "1/2-1/2"]
[WhiteElo "2259"]
[BlackElo "2087"]
[PlyCount "54"]
[EventDate "2016.09.10"]
[EventType "team-tourn"]
[EventRounds "11"]
[EventCountry "CZE"]
[SourceTitle "EXT 2022"]
[Source "ChessBase"]
[SourceDate "2021.10.06"]
[SourceVersion "1"]
[SourceVersionDate "2021.10.06"]
[SourceQuality "1"]
[WhiteTeam "Stare Mesto II"]
[BlackTeam "Vyskov"]
[WhiteTeamCountry "CZE"]
[BlackTeamCountry "CZE"]

1. d4 d5 2. c4 e6 3. Nf3 Nf6 4. e3 c5 5. Nc3 Nc6 6. a3 dxc4 7. Bxc4 cxd4 8. exd4 Be7 9. 0-0 0-0 10. Re1 a6 11. a4 Nb4 12. Qe2 b6 13. Ng5 Qxd4 14. Be3 Qg4 15. f3 Qf5 16. Nge4 Nfd5 17. Ng3 Qg6 18. Bf2 Nf4 19. Qe4 Qxe4 20. Rxe4 Nfd3 21. Bxd3 Nxd3 22. Bxb6 Rb8 23. a5 Bc5+ 24. Bxc5 Nxc5 25. Re2 Bd7 26. Rd1 Rfc8 27. Rd6 Bc6 1/2-1/2

[Event "CZE-chT2E 1516"]
[Site "Czech Republic"]
[Date "2016.04.03"]
[Round "10.7"]
[White "Zajicek, Tomas"]
[Black "Hejny, Jaroslav"]
[Result "1-0"]
[WhiteElo "1989"]
[BlackElo "2118"]
[PlyCount "65"]
[EventDate "2015.10.18"]
[EventType "team-tourn"]
[EventRounds "11"]
[EventCountry "CZE"]
[SourceTitle "EXT 2022"]
[Source "ChessBase"]
[SourceDate "2021.10.06"]
[SourceVersion "1"]
[SourceVersionDate "2021.10.06"]
[SourceQuality "1"]
[WhiteTeam "Grygov II"]
[BlackTeam "Jihlava Silko Gambit"]
[WhiteTeamCountry "CZE"]
[BlackTeamCountry "CZE"]

1. e4 e5 2. Nf3 Nc6 3. Bc4 Nf6 4. d4 exd4 5. e5 Ne4 6. 0-0 Be7 7. Re1 Nc5 8. Nxd4 Nxd4 9. Qxd4 Ne6 10. Bxe6 dxe6 11. Qg4 g6 12. Bh6 Bd7 13. Nc3 Bc6 14. Rad1 Qc8 15. Ne4 Bxe4 16. Qxe4 c6 17. Rd3 Qc7 18. Red1 Rd8 19. Rxd8+ Bxd8 20. h3 Be7 21. Rd3 Bf8 22. Bg5 Be7 23. Bf6 Rg8 24. Bxe7 Qxe7 25. Rd6 h5 26. Qd4 a6 27. g3 Qc7 28. c4 Ke7 29. c5 Rd8 30. Qh4+ Ke8 31. Qf6 Rc8 32. Qg7 Rd8 33. Rxe6+ 1-0

[Event "CZE-chT2C 1314"]
[Site "Czech Republic"]
[Date "2013.11.03"]
[Round "1.7"]
[White "Hejny, Jaroslav"]
[Black "Splichal, Petr"]
[Result "1/2-1/2"]
[WhiteElo "2062"]
[BlackElo "1987"]
[PlyCount "42"]
[EventDate "2013.11.03"]
[EventType "team-tourn"]
[EventRounds "11"]
[EventCountry "CZE"]
[SourceTitle "EXT 2015"]
[Source "ChessBase"]
[SourceDate "2014.11.20"]
[SourceVersion "1"]
[SourceVersionDate "2014.11.20"]
[SourceQuality "1"]
[WhiteTeam "Jihlava Gambit"]
[BlackTeam "Kutna Hora"]
[WhiteTeamCountry "CZE"]
[BlackTeamCountry "CZE"]

1. e4 e6 2. d4 d5 3. Nd2 Nc6 4. c3 e5 5. dxe5 Nxe5 6. Ngf3 Nxf3+ 7. Qxf3 Nf6 8. exd5 Qxd5 9. Bc4 Qe5+ 10. Qe2 Qxe2+ 11. Kxe2 Bd6 12. Re1 0-0 13. Nf3 Re8+ 14. Kf1 Bg4 15. h3 Bxf3 16. gxf3 Rxe1+ 17. Kxe1 Re8+ 18. Be3 Nh5 19. Kf1 Nf4 20. Bxf4 Bxf4 21. Rd1 Bd6 1/2-1/2

[Event "CZE-chT2E 0809"]
[Site "Czech Republic"]
[Date "2008.12.07"]
[Round "4.7"]
[White "Slovak, Pavel"]
[Black "Hejny, Jaroslav"]
[Result "1/2-1/2"]
[WhiteElo "2051"]
[BlackElo "2064"]
[PlyCount "82"]
[EventDate "2008.10.12"]
[EventType "team-tourn"]
[EventRounds "11"]
[EventCountry "CZE"]
[SourceTitle "EXT 2010"]
[Source "ChessBase"]
[SourceDate "2010.11.25"]
[SourceVersion "1"]
[SourceVersionDate "2010.11.25"]
[SourceQuality "1"]
[WhiteTeam "Zlin II"]
[BlackTeam "Brno Lokomotiva III"]
[WhiteTeamCountry "CZE"]
[BlackTeamCountry "CZE"]

1. e4 e5 2. Nf3 Nc6 3. Bc4 Nf6 4. d3 Be7 5. 0-0 0-0 6. h3 d6 7. Be3 Na5 8. Bb3 Nxb3 9. axb3 b6 10. c4 Be6 11. b4 Nd7 12. Nc3 f5 13. exf5 Bxf5 14. d4 Bf6 15. dxe5 Nxe5 16. Qd5+ Kh8 17. Nxe5 Bxe5 18. f4 Bxc3 19. bxc3 Qe8 20. Rae1 Qg6 21. Kh2 a5 22. c5 dxc5 23. bxc5 Bd3 24. Rf2 c6 25. Qa2 b5 26. Bd4 Bc4 27. Qd2 Rae8 28. f5 Qf7 29. f6 Qc7+ 30. Qf4 Qxf4+ 31. Rxf4 gxf6 32. Rxf6 Kg8 33. Rxe8 Rxe8 34. Rxc6 Ra8 35. Rc7 a4 36. Rg7+ Kf8 37. Rxh7 a3 38. Rh8+ Bg8 39. c6 a2 40. c4 bxc4 41. Ba1 c3 1/2-1/2

[Event "CZE-chT2E 0809"]
[Site "Czech Republic"]
[Date "2008.11.23"]
[Round "3.7"]
[White "Hejny, Jaroslav"]
[Black "Krca, Milan"]
[Result "0-1"]
[WhiteElo "2064"]
[BlackElo "2090"]
[PlyCount "38"]
[EventDate "2008.10.12"]
[EventType "team-tourn"]
[EventRounds "11"]
[EventCountry "CZE"]
[SourceTitle "EXT 2010"]
[Source "ChessBase"]
[SourceDate "2010.11.25"]
[SourceVersion "1"]
[SourceVersionDate "2010.11.25"]
[SourceQuality "1"]
[WhiteTeam "Brno Lokomotiva III"]
[BlackTeam "Stare Mesto II"]
[WhiteTeamCountry "CZE"]
[BlackTeamCountry "CZE"]

1. e4 c5 2. c3 d5 3. exd5 Qxd5 4. d4 e5 5. dxe5 Qxd1+ 6. Kxd1 Nc6 7. Bb5 Bg4+ 8. f3 0-0-0+ 9. Bd2 Bd7 10. Bxc6 Bxc6 11. Nh3 h6 12. c4 Ne7 13. Nc3 Ng6 14. Re1 Be7 15. e6 fxe6 16. Rxe6 Bf6 17. Kc2 Rd4 18. Be3 Rxc4 19. Kb3 Rxc3+ 0-1

[Event "CZE-chT2d 0607"]
[Site "Czech Republic"]
[Date "2007.02.25"]
[Round "8"]
[White "Hejny, Jaroslav"]
[Black "Brychta, David"]
[Result "0-1"]
[WhiteElo "2074"]
[BlackElo "2146"]
[PlyCount "86"]
[EventDate "2006.10.15"]
[EventType "team"]
[EventRounds "11"]
[EventCountry "CZE"]
[SourceTitle "EXT 2009"]
[Source "ChessBase"]
[SourceDate "2008.11.26"]
[SourceVersion "1"]
[SourceVersionDate "2008.11.26"]
[SourceQuality "1"]

1. e4 e6 2. d4 d5 3. Nd2 Nf6 4. e5 Nfd7 5. Bd3 c5 6. c3 Nc6 7. Ne2 Qb6 8. Nf3 cxd4 9. cxd4 f6 10. exf6 Nxf6 11. 0-0 Bd6 12. b3 0-0 13. Bf4 Bxf4 14. Nxf4 Qc7 15. Ne2 e5 16. dxe5 Nxe5 17. Nxe5 Qxe5 18. Ng3 Bd7 19. Qe2 Qd6 20. Bf5 Rae8 21. Qd3 Bc6 22. Rad1 Qf4 23. Qd4 Qxd4 24. Rxd4 Re5 25. Bd3 g6 26. f4 Re3 27. f5 g5 28. Ne2 Nd7 29. Kf2 Rfe8 30. Nc3 Nf6 31. b4 b6 32. b5 Bb7 33. Nd1 R3e7 34. Ra4 Bc8 35. h3 Kg7 36. Rd4 h5 37. Nb2 Bxf5 38. Bxf5 Re2+ 39. Kg1 Rxb2 40. Rc1 Re7 41. a4 Ra2 42. Rc6 h4 43. Rc8 Re1+ 0-1

[Event "CZE-chT2d 0607"]
[Site "Czech Republic"]
[Date "2006.12.03"]
[Round "4"]
[White "Handl, Martin"]
[Black "Hejny, Jaroslav"]
[Result "1-0"]
[WhiteElo "2072"]
[BlackElo "2074"]
[PlyCount "81"]
[EventDate "2006.10.15"]
[EventType "team"]
[EventRounds "11"]
[EventCountry "CZE"]
[SourceTitle "EXT 2009"]
[Source "ChessBase"]
[SourceDate "2008.11.26"]
[SourceVersion "1"]
[SourceVersionDate "2008.11.26"]
[SourceQuality "1"]

1. e4 e5 2. Nf3 Nc6 3. Bb5 a6 4. Ba4 d6 5. 0-0 Nf6 6. Re1 Bg4 7. c3 Be7 8. d3 0-0 9. Nbd2 d5 10. h3 Bh5 11. Qe2 b5 12. Bc2 d4 13. Nf1 dxc3 14. bxc3 b4 15. g4 Nxg4 16. hxg4 Bxg4 17. Ne3 Bh5 18. Ba4 Bxf3 19. Qxf3 Qxd3 20. Bb2 bxc3 21. Rad1 Nd4 22. Qg2 Qxd1 23. Nxd1 cxb2 24. Nxb2 Rab8 25. Nd3 Bd6 26. f4 exf4 27. e5 f3 28. Qf2 Ne2+ 29. Rxe2 fxe2 30. exd6 cxd6 31. Qxe2 h6 32. Bb3 Rb5 33. Qe7 Rg5+ 34. Kh2 d5 35. Ne5 Rc8 36. Qxf7+ Kh7 37. Qxd5 Rh5+ 38. Kg3 Rg5+ 39. Kh3 Rc3+ 40. Kh4 Rc8 41. Qd3+ 1-0

[Event "CZE-chT U18 0506"]
[Site "Czech Republic"]
[Date "2006.04.22"]
[Round "4.1"]
[White "Zeinert, Michal"]
[Black "Hejny, Jaroslav"]
[Result "1-0"]
[WhiteElo "2092"]
[BlackElo "2073"]
[PlyCount "51"]
[EventDate "2005.10.08"]
[EventType "team"]
[EventRounds "11"]
[EventCountry "CZE"]
[SourceTitle "EXT 2009"]
[Source "ChessBase"]
[SourceDate "2008.11.26"]
[SourceVersion "1"]
[SourceVersionDate "2008.11.26"]
[SourceQuality "1"]
[WhiteTeam "Ceska Trebova"]
[BlackTeam "Brankovice"]
[WhiteTeamCountry "CZE"]
[BlackTeamCountry "CZE"]

1. c4 e6 2. g3 d5 3. Nf3 c5 4. Bg2 Nf6 5. 0-0 Nc6 6. b3 Bd6 7. Bb2 0-0 8. d4 Qe7 9. Nc3 dxc4 10. bxc4 Rd8 11. e3 b6 12. Qa4 Bb7 13. Nb5 Rac8 14. Nxd6 Qxd6 15. Rfd1 Qe7 16. Ne5 Na5 17. Bxb7 Qxb7 18. dxc5 Rf8 19. cxb6 axb6 20. Ba3 Rfe8 21. c5 Qc7 22. Nd7 Nxd7 23. Rxd7 Qe5 24. Rb1 Ra8 25. cxb6 Qc3 26. Ra7 1-0

[Event "CZE-chT U18 0506"]
[Site "Czech Republic"]
[Date "2005.10.08"]
[Round "?"]
[White "Hejny, Jaroslav"]
[Black "Ponizil, Cyril"]
[Result "0-1"]
[WhiteElo "2073"]
[BlackElo "2181"]
[PlyCount "80"]
[EventDate "2005.10.08"]
[EventType "team"]
[EventRounds "11"]
[EventCountry "CZE"]
[SourceTitle "EXT 2009"]
[Source "ChessBase"]
[SourceDate "2008.11.26"]
[SourceVersion "1"]
[SourceVersionDate "2008.11.26"]
[SourceQuality "1"]
[WhiteTeam "Brankovice"]
[BlackTeam "Zlin"]
[WhiteTeamCountry "CZE"]
[BlackTeamCountry "CZE"]

1. e4 c5 2. c3 d5 3. exd5 Qxd5 4. d4 g6 5. Nf3 Bg7 6. Be3 cxd4 7. cxd4 Nf6 8. Nc3 Qd8 9. Bc4 0-0 10. 0-0 Nc6 11. h3 Na5 12. Bd3 Be6 13. Ne5 Nd5 14. Nxd5 Bxd5 15. Bd2 Nc6 16. Bc3 Qd6 17. Re1 Rfd8 18. Nxc6 Bxc6 19. Bf1 e6 20. Qg4 Bxd4 21. Rad1 e5 22. Bxd4 exd4 23. Bc4 Rac8 24. Re6 Qf8 25. Rf6 Bd7 26. Qe2 Be8 27. Bb3 Rc6 28. Rxc6 Bxc6 29. Qe5 Qd6 30. Qa5 a6 31. Qb6 d3 32. Qe3 d2 33. Bc4 b5 34. Be2 Qd4 35. Bf3 Bxf3 36. Qxd4 Rxd4 37. gxf3 Kg7 38. Kg2 Kf6 39. Kg3 Kf5 40. h4 a5 0-1